000 00431pab a2200157 454500
008 180718b2015 xxu||||| |||| 00| 0 eng d
100 _aHegde, Sasjeej
245 _aThe many truths of reservation quotas in India: extending the engagement
260 _c2015
300 _ap.61-104.
362 _aMar-Apr
650 _aBackward classes - India
650 _aBackward classes
773 _aSocial Scientist
909 _a107993
999 _c107988
_d107988